Christmas Eve in History - Statistics

General Stats
  • This quiz has been taken 4 times
  • The average score is 7 of 26
Answer Stats
Year Event % Correct
1943 Eisenhower appointed supreme commander of allied forces
75%
1914 German plane bombs Dover
75%
1939 Pope appeals for peace during WW2
75%
1941 Ships return from attack on Pearl Harbor
75%
1799 French plot to overthrow Napoleon is exposed
50%
1904 Germany abolishes child slavery
50%
1989 Start of Liberian Civil War
50%
1798 Start of second coalition
50%
1777 Christmas Island is settled
25%
1893 First gas fueled engine
25%
1946 French 4th Republic is founded
25%
563 Hagia Sophia repaired
25%
1951 Libya gains independence
25%
1877 Patent for phonograph is filed
25%
1818 "Silent Night" is composed
25%
1924 Albania becomes a republic
0%
1884 Belgium colonizes Congo
0%
1895 Biltmore Estate opens
0%
1851 Fire burns in library of congress
0%
1948 First solar heated house
0%
1948 Greek government disbands
0%
1865 KKK is formed
0%
1935 National Council of Negro Women forms
0%
1593 Storm hits north Holland
0%
1715 Sweden occupies Norway
0%
1814 Treaty of Ghent
0%
No matching quizzes found
Score Distribution
Percent of People with Each Score
Percentile by Number Answered
Your Score History
You have not taken this quiz